00392nam a2200133Ia 45000010005000000080041000050820025000461000054000712450060001252600024001855900007002099010027002169990015002433074241024s9999 xx 000 0 und d aRD/370.24/R426f/2013 aRepública Dominicana. Ministerio de Educación 0aFormación contínua y desarrollo profesional docente bSanto Domingoc2013 asi a25/7/2013 8:11:01 a.m. c9256d9256